000 00603nam a2200241 a 4500
001 nice12345678
003 IN_TiNIC
005 20260116014343.0
008 111005s2011 dela grp 000 0 eng
020 _a
_c425
082 0 0 _a294.38
_bVAR
100 _aVarma, Chandra
245 _aCompendium of Buddhist Literature
260 _aDelhi
_bBuddhist World Press
_c2011
300 _a123p
500 _aincludes index and biblioraphy
505 2 _aBibliography, Index
650 _aBuddhism-Sacred Books
700 1 _aVarma, Chandra
902 _bSRS
942 _cBK
999 _c14946
_d14946